|
|
|
|
| LEADER |
00000nab a2200000 a 4500 |
| 001 |
vtls010525533 |
| 003 |
SK-MaSNL |
| 005 |
20260311224935.0 |
| 008 |
130708c200902 xo r p 000 00slo |
| 015 |
|
|
|a SNBRB2013/07SVKPO
|
| 038 |
|
|
|a SVKPOCL
|
| 040 |
|
|
|a SVKPOCL
|b slo
|c SVKPOCL
|e AACR2
|
| 041 |
|
|
|a slo
|
| 044 |
|
|
|a xo
|c SK
|
| 080 |
|
|
|a (=161.1)
|2 2001
|
| 080 |
|
|
|a (437)
|2 2001
|
| 080 |
|
|
|a 001-051(=161.1)(437)"1918/1938"
|2 2001
|
| 080 |
|
|
|a 314.15-026.49:32(=161.1)(437)
|2 2001
|
| 080 |
|
|
|a 314.743(=161.1)(437)
|2 2001
|
| 080 |
|
|
|a (082)
|2 2001
|
| 080 |
|
|
|a (048)
|2 2001
|
| 100 |
1 |
|
|a Hudáková, Tatiana,
|d 1983-
|4 aut
|9 1084857
|
| 245 |
1 |
0 |
|a Dostaľ, M. J.: Rossijskije učenyje-gumanitarii v mežvojennoj Čechoslovakii. Sbornik statej. Moskva : Institut slavjanovedenija RAN, 2008. 269 s. ISBN 978-5-7576-0218-9
|c Tatiana Hudáková
|
| 650 |
0 |
7 |
|a Rusi
|2 svkpocl
|9 26608
|
| 650 |
0 |
7 |
|a ruskí vedci
|z Česko-Slovensko
|y 1918-1938
|2 svkpocl
|9 1590872
|
| 650 |
0 |
7 |
|a Rusi
|z Česko-Slovensko
|y 1918-1938
|2 svkpocl
|9 542404
|
| 650 |
0 |
7 |
|a politická emigrácia, ruská
|z Česko-Slovensko
|2 svkpocl
|9 1590873
|
| 651 |
|
7 |
|a Československo
|2 svkpocl
|9 21376
|
| 655 |
|
7 |
|a zborníky
|2 svkpocl
|9 70165
|
| 655 |
|
7 |
|a anotácie
|2 svkpocl
|9 51989
|
| 773 |
0 |
|
|t Dejiny : internetový časopis Inštitútu histórie FF PU v Prešove
|g Roč. IV, č. 2 (2009), s. 132-134
|x 1337-0707
|
| 787 |
0 |
8 |
|i Rec.:
|a Dostaľ, M. J. (ed.)
|t Rossijskije učenyje-gumanitarii v mežvojennoj Čechoslovakii : sbornik statej
|d Moskva : Institut slavjanovedenija RAN, 2008
|z 978-5-7576-0218-9
|
| 852 |
|
|
|a SVKPO
|b KIS3GCP
|
| 856 |
4 |
1 |
|a http://dejiny.unipo.sk/Dejiny_2_2009.pdf
|
| 958 |
|
|
|a SK
|
| 958 |
|
|
|a NB
|
| 958 |
|
|
|a RU
|
| 958 |
|
|
|a SS
|
| 999 |
|
|
|c 3263447
|d 3265377
|